Kaalavastha vyathiyanathinte velluvilikal neridan (Record no. 72938)

MARC details
000 -LEADER
fixed length control field 00354nam a2200145Ia 4500
100 ## - MAIN ENTRY--AUTHOR NAME
Personal name Thomas M
245 #0 - TITLE STATEMENT
Title Kaalavastha vyathiyanathinte velluvilikal neridan
260 ## - PUBLICATION, DISTRIBUTION, ETC. (IMPRINT)
Name of publisher Rubber
Year of publication 2010
300 ## - PHYSICAL DESCRIPTION
Number of Pages 6-9.
650 ## - SUBJECT ADDED ENTRY--TOPICAL TERM
Topical Term Climate change
700 ## - ADDED ENTRY--PERSONAL NAME
Personal name Jacob J
700 ## - ADDED ENTRY--PERSONAL NAME
Personal name Krishnakumar R
942 ## - ADDED ENTRY ELEMENTS (KOHA)
Koha item type Malayalam
Holdings
Withdrawn status Lost status Damaged status Not for loan Home library Current library Date acquired Serial Enumeration / chronology Koha item type
      Journals RRII Library RRII Library 29/12/2021 Volume 535, Issue Oct Malayalam